[Event "FICGS rapid M 000147 email"]
[Site "FICGS email"]
[Date "2023.07.03"]
[Round "1"]
[White "Slawomir, Weglicki"]
[Black "Dialfonso, Darren"]
[Result "1/2-1/2"]
[WhiteElo "2201"]
[BlackElo "2242"]
[PlyCount "72"]
[EventDate "2023.??.??"]
[EventType "tourn (rapid)"]
[EventRounds "6"]
[SourceTitle "Corr 2024"]
[Source "ChessBase"]
[SourceDate "2023.10.19"]
[SourceVersion "1"]
[SourceVersionDate "2023.10.19"]
[SourceQuality "1"]

1. e4 c6 2. d4 d5 3. e5 Bf5 4. h4 h5 5. Bd3 Bxd3 6. Qxd3 e6 7. Nf3 Qa5+ 8. Nbd2 Nh6 9. 0-0 Nf5 10. Nb3 Qa6 11. Qd1 b6 12. Bg5 c5 13. dxc5 Bxc5 14. c3 Nc6 15. Re1 Rc8 16. Nxc5 bxc5 17. b3 Rc7 18. Qc2 Nce7 19. Rad1 0-0 20. Bxe7 Rxe7 21. Ng5 g6 22. c4 dxc4 23. bxc4 Rb7 24. Qd2 Rb4 25. Ne4 Rxc4 26. Qg5 Rxe4 27. Rxe4 Qxa2 28. Qd2 Qb3 29. Ra1 Ra8 30. Qa2 Qb8 31. Qa3 Qd8 32. Qxc5 Nxh4 33. Rxa7 Rxa7 34. Qxa7 Qd1+ 35. Kh2 Nf5 36. Qb8+ Kg7 1/2-1/2

[Event "FICGS rapid A 000295 email"]
[Site "FICGS email"]
[Date "2023.06.14"]
[Round "1"]
[White "Dialfonso, Darren"]
[Black "Faust, Dieter"]
[Result "1-0"]
[WhiteElo "2229"]
[BlackElo "2021"]
[PlyCount "59"]
[EventDate "2023.??.??"]
[EventType "tourn (rapid)"]
[EventRounds "6"]
[SourceTitle "Corr 2024"]
[Source "ChessBase"]
[SourceDate "2023.10.19"]
[SourceVersion "1"]
[SourceVersionDate "2023.10.19"]
[SourceQuality "1"]

1. d4 d5 2. c4 c6 3. Nf3 Nf6 4. e3 Bf5 5. Nc3 e6 6. Nh4 Be4 7. f3 Bg6 8. Qb3 Qc7 9. Bd2 Nbd7 10. 0-0-0 dxc4 11. Bxc4 b5 12. Be2 a6 13. Nxg6 hxg6 14. h4 c5 15. Kb1 c4 16. Qc2 Nb6 17. g4 Nbd5 18. Nxd5 Nxd5 19. e4 Nb4 20. Qc3 0-0-0 21. b3 Nc6 22. d5 exd5 23. exd5 Rxd5 24. bxc4 b4 25. Qc1 Ra5 26. c5 Rxc5 27. Bc4 Kb8 28. Be3 Ra5 29. Rh2 Bc5 30. Bf4 1-0

[Event "FICGS class A 000269 email"]
[Site "FICGS email"]
[Date "2023.05.31"]
[Round "1"]
[White "Dialfonso, Darren"]
[Black "Swiatek, Janusz"]
[Result "1/2-1/2"]
[WhiteElo "2229"]
[BlackElo "2209"]
[PlyCount "45"]
[EventDate "2023.??.??"]
[EventType "tourn (corr)"]
[EventRounds "6"]
[SourceTitle "Corr 2024"]
[Source "ChessBase"]
[SourceDate "2023.10.19"]
[SourceVersion "1"]
[SourceVersionDate "2023.10.19"]
[SourceQuality "1"]

1. d4 d5 2. c4 c6 3. Nf3 Nf6 4. e3 Bf5 5. Nc3 e6 6. Nh4 Be4 7. f3 Bg6 8. Qb3 Qb6 9. Nxg6 hxg6 10. Bd2 Nbd7 11. Be2 Bd6 12. Qxb6 axb6 13. Kf2 g5 14. a4 Ke7 15. h3 Bb4 16. cxd5 exd5 17. Bd3 Rad8 18. Rhd1 Nf8 19. Ne2 Bxd2 20. Rxd2 Ra8 21. b3 Ne6 22. Nc3 g6 23. Rb1 1/2-1/2

[Event "FICGS class A 000265 email"]
[Site "FICGS email"]
[Date "2023.02.05"]
[Round "1"]
[White "Bovary, Charles"]
[Black "Dialfonso, Darren"]
[Result "1/2-1/2"]
[WhiteElo "2091"]
[BlackElo "2211"]
[PlyCount "40"]
[EventDate "2023.??.??"]
[EventType "tourn (corr)"]
[EventRounds "6"]
[SourceTitle "Corr 2024"]
[Source "ChessBase"]
[SourceDate "2023.10.19"]
[SourceVersion "1"]
[SourceVersionDate "2023.10.19"]
[SourceQuality "1"]

1. e4 e5 2. Nf3 Nc6 3. Bc4 Bc5 4. c3 Nf6 5. d3 d6 6. 0-0 0-0 7. b4 Bb6 8. a4 a5 9. b5 Ne7 10. Nbd2 Ng6 11. Bb3 Bg4 12. h3 Bh5 13. Nc4 Nh4 14. Nxb6 cxb6 15. g4 Nxg4 16. Nxh4 Qxh4 17. hxg4 Bxg4 18. f3 Qg3+ 19. Kh1 Qh4+ 20. Kg1 Qg3+ 1/2-1/2

[Event "FICGS rapid M 000139 email"]
[Site "FICGS email"]
[Date "2022.12.04"]
[Round "1"]
[White "Dialfonso, Darren"]
[Black "Broekhuizen, A T S"]
[Result "1/2-1/2"]
[WhiteElo "2207"]
[BlackElo "2230"]
[PlyCount "75"]
[EventDate "2022.??.??"]
[EventType "tourn (rapid)"]
[EventRounds "6"]
[SourceTitle "Corr 2024"]
[Source "ChessBase"]
[SourceDate "2023.10.19"]
[SourceVersion "1"]
[SourceVersionDate "2023.10.19"]
[SourceQuality "1"]

1. b4 e5 2. Bb2 Bxb4 3. Bxe5 Nf6 4. c3 Be7 5. e3 0-0 6. d4 c5 7. dxc5 Bxc5 8. Bd4 Qe7 9. Bd3 b6 10. Ne2 Bb7 11. 0-0 Nc6 12. Nd2 Nxd4 13. cxd4 Bb4 14. Rb1 Rfc8 15. Nc4 d5 16. Ne5 Bd6 17. Nf3 Rc7 18. a4 Rac8 19. Qe1 Rc4 20. Bxc4 dxc4 21. a5 Nd5 22. axb6 axb6 23. Ng3 g6 24. e4 Bb4 25. Qc1 Nc3 26. Rxb4 Na2 27. Qa3 Nxb4 28. h4 c3 29. Rc1 c2 30. Ne1 Qf8 31. Qe3 h5 32. d5 Qd6 33. Qg5 Kf8 34. Qh6+ Ke7 35. Qe3 Kf8 36. Qh6+ Ke7 37. Qe3 Kf8 38. Qh6+ 1/2-1/2

[Event "FICGS rapid M 000139 email"]
[Site "FICGS email"]
[Date "2022.12.04"]
[Round "1"]
[White "Kerr, Graham"]
[Black "Dialfonso, Darren"]
[Result "1/2-1/2"]
[WhiteElo "2314"]
[BlackElo "2207"]
[PlyCount "73"]
[EventDate "2022.??.??"]
[EventType "tourn (rapid)"]
[EventRounds "6"]
[SourceTitle "Corr 2024"]
[Source "ChessBase"]
[SourceDate "2023.10.19"]
[SourceVersion "1"]
[SourceVersionDate "2023.10.19"]
[SourceQuality "1"]

1. d4 Nf6 2. c4 e6 3. Nf3 d5 4. g3 Bb4+ 5. Bd2 Be7 6. Bg2 0-0 7. 0-0 c6 8. Qc2 b6 9. Ne5 Bb7 10. Re1 Nbd7 11. cxd5 Nxe5 12. dxe5 Nxd5 13. a3 c5 14. e4 Nc7 15. Nc3 Qd7 16. h4 h6 17. Rad1 Nb5 18. Ne2 Rfc8 19. Bg5 Qe8 20. Bxe7 Qxe7 21. Rd2 a5 22. Red1 Bc6 23. f4 Be8 24. Kh2 Rab8 25. Bh3 Rd8 26. Bg4 Rbc8 27. Rxd8 Rxd8 28. Rxd8 Qxd8 29. Kg2 Na7 30. Kf2 Bb5 31. Ke3 Bxe2 32. Bxe2 Nc6 33. Qd3 Nd4 34. a4 Qe8 35. b3 g6 36. Qd1 Qd7 37. Qd2 1/2-1/2

[Event "FICGS rapid A 000289 email"]
[Site "FICGS email"]
[Date "2022.11.13"]
[Round "1"]
[White "Dialfonso, Darren"]
[Black "Swiatek, Janusz"]
[Result "1/2-1/2"]
[WhiteElo "2207"]
[BlackElo "2204"]
[PlyCount "56"]
[EventDate "2022.??.??"]
[EventType "tourn (rapid)"]
[EventRounds "6"]
[SourceTitle "Corr 2024"]
[Source "ChessBase"]
[SourceDate "2023.10.19"]
[SourceVersion "1"]
[SourceVersionDate "2023.10.19"]
[SourceQuality "1"]

1. d4 Nf6 2. c4 c6 3. Nf3 d5 4. e3 Bf5 5. Nc3 e6 6. Nh4 Bg6 7. Nxg6 hxg6 8. Bd2 Nbd7 9. Bd3 dxc4 10. Bxc4 Bd6 11. g3 Qe7 12. Qc2 Nb6 13. Be2 e5 14. h4 0-0-0 15. 0-0-0 exd4 16. exd4 Kb8 17. Bf3 Qe6 18. a3 Rde8 19. Kb1 a6 20. Bg5 Nbd5 21. Rd3 Nxc3+ 22. Rxc3 Nd5 23. Rb3 Ka8 24. Ka2 Bb8 25. Rc1 Rc8 26. Qe4 Qd6 27. Qd3 Ba7 28. Bd2 Rc7 1/2-1/2

[Event "FICGS rapid M 000091 email"]
[Site "FICGS email"]
[Date "2018.01.14"]
[Round "1"]
[White "Mevel, Alberic"]
[Black "Dialfonso, Darren"]
[Result "0-1"]
[WhiteElo "2104"]
[BlackElo "2159"]
[PlyCount "30"]
[EventDate "2018.??.??"]
[EventType "tourn (rapid)"]
[EventRounds "6"]
[SourceTitle "Corr 2022"]
[Source "ChessBase"]
[SourceDate "2021.10.24"]
[SourceVersion "1"]
[SourceVersionDate "2021.10.24"]
[SourceQuality "1"]

1. e4 c5 2. Nf3 d6 3. d4 cxd4 4. Nxd4 Nf6 5. Nc3 a6 6. h3 e6 7. g4 h6 8. Bg2 Be7 9. Be3 Nc6 10. f4 Nd7 11. 0-0 Nxd4 12. Qxd4 0-0 13. Qd2 b5 14. e5 d5 15. Ne2 b4 0-1

[Event "FICGS rapid M 000091 email"]
[Site "FICGS email"]
[Date "2018.01.14"]
[Round "1"]
[White "Schroeder, Christoph"]
[Black "Dialfonso, Darren"]
[Result "1/2-1/2"]
[WhiteElo "2160"]
[BlackElo "2159"]
[PlyCount "33"]
[EventDate "2018.??.??"]
[EventType "tourn (rapid)"]
[EventRounds "6"]
[SourceTitle "Corr 2022"]
[Source "ChessBase"]
[SourceDate "2021.10.24"]
[SourceVersion "1"]
[SourceVersionDate "2021.10.24"]
[SourceQuality "1"]

1. e4 c5 2. Nc3 Nc6 3. f4 g6 4. Nf3 Bg7 5. d3 d6 6. Be2 e6 7. 0-0 Nge7 8. Qe1 0-0 9. Bd2 b5 10. Nxb5 Rb8 11. c4 a6 12. Nc3 Rxb2 13. Na4 Rc2 14. Bc3 Bxc3 15. Nxc3 Qa5 16. Rc1 Rb2 17. Rf2 1/2-1/2

[Event "FICGS class A 000181 email"]
[Site "FICGS email"]
[Date "2017.10.02"]
[Round "1"]
[White "Dialfonso, Darren"]
[Black "Sorbi, Luca"]
[Result "1/2-1/2"]
[WhiteElo "2159"]
[BlackElo "2050"]
[PlyCount "65"]
[EventDate "2017.??.??"]
[EventType "tourn (corr)"]
[EventRounds "6"]
[SourceTitle "Corr 2022"]
[Source "ChessBase"]
[SourceDate "2021.10.24"]
[SourceVersion "1"]
[SourceVersionDate "2021.10.24"]
[SourceQuality "1"]

1. d4 Nf6 2. c4 e6 3. Nf3 d5 4. Nc3 Bb4 5. Bg5 dxc4 6. e4 c5 7. Bxc4 cxd4 8. Nxd4 Bxc3+ 9. bxc3 Qa5 10. Bb5+ Bd7 11. Bxf6 gxf6 12. Bxd7+ Nxd7 13. 0-0 a6 14. Rb1 Qc7 15. Qh5 Nc5 16. Rfe1 0-0-0 17. Qh6 Nd3 18. Re2 Rd7 19. Qxf6 Rhd8 20. Qf3 Ne5 21. Qg3 Nc4 22. Qg5 e5 23. Nf5 Qb6 24. Rf1 f6 25. Qh4 Kb8 26. h3 Ka7 27. Kh2 Rc7 28. Rfe1 Rd3 29. Qh6 Qe6 30. f3 Rcd7 31. Rb1 Nd2 32. Rbe1 Nc4 33. Qh4 1/2-1/2

[Event "FICGS class A 000181 email"]
[Site "FICGS email"]
[Date "2017.10.02"]
[Round "1"]
[White "Jabot, Daniel"]
[Black "Dialfonso, Darren"]
[Result "1/2-1/2"]
[WhiteElo "2128"]
[BlackElo "2159"]
[PlyCount "67"]
[EventDate "2017.??.??"]
[EventType "tourn (corr)"]
[EventRounds "6"]
[SourceTitle "Corr 2022"]
[Source "ChessBase"]
[SourceDate "2021.10.24"]
[SourceVersion "1"]
[SourceVersionDate "2021.10.24"]
[SourceQuality "1"]

1. e4 c5 2. Nf3 d6 3. d4 cxd4 4. Nxd4 Nf6 5. Nc3 a6 6. Bg5 e6 7. f4 Qb6 8. Qd2 Qxb2 9. Rb1 Qa3 10. e5 dxe5 11. fxe5 Nfd7 12. Ne4 h6 13. Bh4 Qxa2 14. Rd1 Qd5 15. Qe3 Qxe5 16. Be2 Bc5 17. Bg3 Qd5 18. c4 Bxd4 19. Rxd4 Qa5+ 20. Rd2 0-0 21. Bd6 f5 22. Bxf8 Nxf8 23. Nd6 Nbd7 24. Bf3 Rb8 25. 0-0 Qc5 26. Qxc5 Nxc5 27. Rb1 g5 28. Rdb2 Kg7 29. Bxb7 Bxb7 30. Nxb7 Rc8 31. Nxc5 Rxc5 32. Rc1 Ng6 33. Rb6 Kf6 34. Rxa6 1/2-1/2

[Event "FICGS class C 000260 email"]
[Site "FICGS email"]
[Date "2017.09.24"]
[Round "1"]
[White "Dialfonso, Darren"]
[Black "Duttagupta, Aniruddha"]
[Result "1-0"]
[WhiteElo "2159"]
[BlackElo "1865"]
[PlyCount "73"]
[EventDate "2017.??.??"]
[EventType "tourn (corr)"]
[EventRounds "1"]
[SourceTitle "Corr 2022"]
[Source "ChessBase"]
[SourceDate "2021.10.24"]
[SourceVersion "1"]
[SourceVersionDate "2021.10.24"]
[SourceQuality "1"]

1. d4 Nf6 2. c4 g6 3. Nc3 d5 4. cxd5 Nxd5 5. e4 Nxc3 6. bxc3 Bg7 7. Bc4 c5 8. Ne2 Nc6 9. Be3 0-0 10. 0-0 Qc7 11. Rc1 b6 12. Bb5 Na5 13. Qd2 e6 14. h4 Bb7 15. f3 Rfd8 16. Bg5 f6 17. Be3 Qf7 18. h5 gxh5 19. Kf2 Rac8 20. Rh1 e5 21. Bh6 Bxh6 22. Qxh6 cxd4 23. cxd4 Rxc1 24. Rxc1 Qg6 25. Qe3 Kh8 26. d5 Rg8 27. g3 Qg7 28. d6 Rd8 29. Rc7 Qf8 30. d7 Kg8 31. Qc3 Kg7 32. a3 Qg8 33. f4 Qe6 34. f5 Qg8 35. Qb4 Qf7 36. Nc3 Qf8 37. Ba4 1-0

[Event "FICGS class C 000260 email"]
[Site "FICGS email"]
[Date "2017.09.24"]
[Round "1"]
[White "Pandey, Manoj"]
[Black "Dialfonso, Darren"]
[Result "1/2-1/2"]
[WhiteElo "2000"]
[BlackElo "2159"]
[PlyCount "52"]
[EventDate "2017.??.??"]
[EventType "tourn (corr)"]
[EventRounds "1"]
[SourceTitle "Corr 2022"]
[Source "ChessBase"]
[SourceDate "2021.10.24"]
[SourceVersion "1"]
[SourceVersionDate "2021.10.24"]
[SourceQuality "1"]

1. Nf3 d5 2. d4 Nf6 3. c4 c6 4. e3 e6 5. Bd3 Nbd7 6. 0-0 Bd6 7. Nbd2 0-0 8. c5 Be7 9. b4 a5 10. b5 b6 11. bxc6 Nb8 12. cxb6 Qxb6 13. Rb1 Qc7 14. Qa4 Nxc6 15. Ba3 Nb4 16. Rfc1 Qa7 17. Ne5 Nxd3 18. Nxd3 Bd7 19. Qb3 Rfb8 20. Qc3 Rxb1 21. Nxb1 Ne4 22. Qc7 Qxc7 23. Rxc7 Rb8 24. Bxe7 Rxb1+ 25. Rc1 Rxc1+ 26. Nxc1 Bb5 1/2-1/2

[Event "FICGS class A 000180 email"]
[Site "FICGS email"]
[Date "2017.08.13"]
[Round "1"]
[White "Dialfonso, Darren"]
[Black "Pareschi, Remo"]
[Result "1/2-1/2"]
[WhiteElo "2169"]
[BlackElo "2051"]
[PlyCount "83"]
[EventDate "2017.??.??"]
[EventType "tourn (corr)"]
[EventRounds "6"]
[SourceTitle "Corr 2022"]
[Source "ChessBase"]
[SourceDate "2021.10.24"]
[SourceVersion "1"]
[SourceVersionDate "2021.10.24"]
[SourceQuality "1"]

1. d4 f5 2. g3 g6 3. h4 c5 4. h5 Bg7 5. hxg6 hxg6 6. Rxh8 Bxh8 7. dxc5 Na6 8. e4 fxe4 9. Qd5 Qa5+ 10. c3 Nf6 11. Qg5 Qxc5 12. Qxg6+ Kd8 13. Nh3 d6 14. Be3 Qh5 15. Qxh5 Nxh5 16. Nd2 Nf6 17. Ng5 Bf5 18. Bg2 Ng4 19. Bxe4 Bxe4 20. Ndxe4 Nxe3 21. fxe3 Kd7 22. Nh3 b5 23. Nf4 b4 24. Kd2 bxc3+ 25. bxc3 Kc6 26. Rh1 Nc5 27. Nxc5 Kxc5 28. Nd3+ Kc6 29. c4 Rg8 30. Ke2 Bc3 31. Kf3 Rf8+ 32. Ke4 Rg8 33. Rg1 Bf6 34. g4 Rg5 35. Kf4 Kd7 36. Rg2 e6 37. Kf3 Ra5 38. Nf4 Bg5 39. Rb2 a6 40. Rb7+ Kc6 41. Rb8 Kd7 42. Rb7+ 1/2-1/2

[Event "FICGS class A 000180 email"]
[Site "FICGS email"]
[Date "2017.08.13"]
[Round "1"]
[White "Dialfonso, Darren"]
[Black "Sorbi, Luca"]
[Result "1-0"]
[WhiteElo "2169"]
[BlackElo "2017"]
[PlyCount "91"]
[EventDate "2017.??.??"]
[EventType "tourn (corr)"]
[EventRounds "6"]
[SourceTitle "Corr 2022"]
[Source "ChessBase"]
[SourceDate "2021.10.24"]
[SourceVersion "1"]
[SourceVersionDate "2021.10.24"]
[SourceQuality "1"]

1. d4 Nf6 2. c4 g6 3. Nc3 Bg7 4. e4 d6 5. Nf3 0-0 6. Be2 e5 7. 0-0 Nc6 8. d5 Ne7 9. Ne1 Nd7 10. Be3 f5 11. f3 f4 12. Bf2 g5 13. Nd3 Nf6 14. c5 Ng6 15. Rc1 Rf7 16. Kh1 Bf8 17. a4 h5 18. cxd6 cxd6 19. Nb5 g4 20. Qc2 Bd7 21. Qc7 g3 22. Qxd8 Rxd8 23. Bxa7 Ra8 24. Ra1 gxh2 25. Bb6 Ra6 26. Bd8 Ra8 27. Bxf6 Rxf6 28. Rfc1 Be7 29. Ne1 Bd8 30. Nc7 Rxa4 31. Rxa4 Bxa4 32. Ne6 Be7 33. Rc8+ Nf8 34. Rb8 Rf7 35. Bc4 Bd7 36. Nd3 b5 37. Bxb5 Bxb5 38. Rxb5 Nxe6 39. dxe6 Rf8 40. Kxh2 Ra8 41. Nb4 Bh4 42. Kh3 Bg3 43. Nd5 Ra1 44. Nf6+ Kf8 45. Nxh5 Rh1+ 46. Kg4 1-0

[Event "FICGS rapid A 000200 email"]
[Site "FICGS email"]
[Date "2017.03.07"]
[Round "1"]
[White "Sorbi, Luca"]
[Black "Dialfonso, Darren"]
[Result "1/2-1/2"]
[WhiteElo "2043"]
[BlackElo "2165"]
[PlyCount "59"]
[EventDate "2017.??.??"]
[EventType "tourn (rapid)"]
[EventRounds "6"]
[SourceTitle "Corr 2022"]
[Source "ChessBase"]
[SourceDate "2021.10.24"]
[SourceVersion "1"]
[SourceVersionDate "2021.10.24"]
[SourceQuality "1"]

1. e4 c5 2. Nf3 d6 3. d4 cxd4 4. Nxd4 Nf6 5. Nc3 a6 6. Bg5 e6 7. f4 Nbd7 8. Qf3 Qc7 9. 0-0-0 b5 10. Bd3 Bb7 11. Rhe1 Be7 12. Qg3 b4 13. Nd5 exd5 14. exd5 Kd8 15. Nc6+ Bxc6 16. dxc6 Nc5 17. Bh4 Rg8 18. Bxh7 Rh8 19. Qxg7 Rxh7 20. Qxf6 Rxh4 21. Qxf7 Rh8 22. Re5 Na4 23. Re3 Ra7 24. Rde1 Qxc6 25. Rxe7 Rxe7 26. Qxe7+ Kc8 27. h4 Nc5 28. Rd1 Rd8 29. Qe2 Qe4 30. Qxe4 1/2-1/2

[Event "FICGS rapid A 000195 email"]
[Site "FICGS email"]
[Date "2016.11.07"]
[Round "1"]
[White "Dialfonso, Darren"]
[Black "Reboredo, Daniel"]
[Result "1-0"]
[WhiteElo "2118"]
[BlackElo "1946"]
[PlyCount "69"]
[EventDate "2016.??.??"]
[EventType "tourn (rapid)"]
[EventRounds "6"]
[SourceTitle "Corr 2022"]
[Source "ChessBase"]
[SourceDate "2021.10.24"]
[SourceVersion "1"]
[SourceVersionDate "2021.10.24"]
[SourceQuality "1"]

1. d4 d5 2. c4 e6 3. Nf3 Nf6 4. Nc3 c6 5. Bg5 h6 6. Bxf6 gxf6 7. e3 Nd7 8. Be2 dxc4 9. Bxc4 Bg7 10. 0-0 0-0 11. Qe2 f5 12. Rfd1 Qc7 13. Rac1 b6 14. e4 fxe4 15. Nxe4 Bb7 16. Ng3 Nf6 17. Ne5 Rad8 18. b4 Kh8 19. f4 Nd7 20. Ne4 Nxe5 21. dxe5 Rxd1+ 22. Qxd1 c5 23. Nd6 f6 24. f5 exf5 25. e6 Be4 26. Bb3 Qe7 27. Qd2 Kg8 28. bxc5 bxc5 29. Rxc5 Rd8 30. Rc7 Qxc7 31. e7+ Kh7 32. exd8Q Qxd8 33. Nxe4 Qb6+ 34. Nf2 Qc6 35. Qe3 1-0

[Event "FICGS rapid A 000195 email"]
[Site "FICGS email"]
[Date "2016.11.07"]
[Round "1"]
[White "Dialfonso, Darren"]
[Black "Van Mechelen, Jan"]
[Result "1-0"]
[WhiteElo "2118"]
[BlackElo "2210"]
[PlyCount "47"]
[EventDate "2016.??.??"]
[EventType "tourn (rapid)"]
[EventRounds "6"]
[SourceTitle "Corr 2022"]
[Source "ChessBase"]
[SourceDate "2021.10.24"]
[SourceVersion "1"]
[SourceVersionDate "2021.10.24"]
[SourceQuality "1"]

1. d4 f5 2. g3 Nf6 3. Bg2 g6 4. Nf3 Bg7 5. 0-0 0-0 6. c4 d6 7. Nc3 c6 8. d5 e5 9. e4 cxd5 10. cxd5 Na6 11. Ng5 Nc7 12. exf5 gxf5 13. Qb3 Qe7 14. Rd1 Rb8 15. a4 h6 16. Nf3 f4 17. gxf4 Nh5 18. fxe5 Bxe5 19. Nxe5 Qxe5 20. Bxh6 Nf4 21. Re1 Qh5 22. Bxf4 Rxf4 23. Ne4 Bg4 24. Rac1 1-0

[Event "FICGS rapid A 000195 email"]
[Site "FICGS email"]
[Date "2016.11.07"]
[Round "1"]
[White "Knighton, Robert"]
[Black "Dialfonso, Darren"]
[Result "0-1"]
[WhiteElo "1933"]
[BlackElo "2118"]
[PlyCount "96"]
[EventDate "2016.??.??"]
[EventType "tourn (rapid)"]
[EventRounds "6"]
[SourceTitle "Corr 2022"]
[Source "ChessBase"]
[SourceDate "2021.10.24"]
[SourceVersion "1"]
[SourceVersionDate "2021.10.24"]
[SourceQuality "1"]

1. g4 d5 2. Bg2 Bxg4 3. c4 c6 4. Qb3 e6 5. Qxb7 Nd7 6. Nc3 Ne7 7. cxd5 exd5 8. d4 Rb8 9. Qa6 Rb6 10. Qd3 Ng6 11. h3 Be6 12. Nf3 Bd6 13. h4 0-0 14. Ng5 Nf6 15. h5 Nf4 16. Bxf4 Bxf4 17. Nxe6 fxe6 18. Nd1 Bd6 19. a3 Kh8 20. Rc1 h6 21. Rh3 Nd7 22. Kf1 c5 23. dxc5 Nxc5 24. Qg6 Nb3 25. Rxb3 Rxb3 26. Qxe6 Rb5 27. Rc6 Bxa3 28. Qe5 Rf6 29. Rxf6 gxf6 30. Qe3 Bf8 31. Qxa7 d4 32. Qf7 Rg5 33. f4 Rg7 34. Qe6 Be7 35. Nf2 Qa5 36. Nd3 Qxh5 37. Bd5 Qg6 38. Ke1 f5 39. Qe5 Bf6 40. Qb8+ Kh7 41. Kd2 Qg1 42. Bf3 Qe3+ 43. Kc2 Qe6 44. Kd2 Kg6 45. Nc5 Rg8 46. Qc7 Qc8 47. Qxc8 Rxc8 48. Nd7 Rh8 0-1

[Event "FICGS rapid A 000195 email"]
[Site "FICGS email"]
[Date "2016.11.07"]
[Round "1"]
[White "Sorbi, Luca"]
[Black "Dialfonso, Darren"]
[Result "1/2-1/2"]
[WhiteElo "1927"]
[BlackElo "2118"]
[PlyCount "74"]
[EventDate "2016.??.??"]
[EventType "tourn (rapid)"]
[EventRounds "6"]
[SourceTitle "Corr 2022"]
[Source "ChessBase"]
[SourceDate "2021.10.24"]
[SourceVersion "1"]
[SourceVersionDate "2021.10.24"]
[SourceQuality "1"]

1. e4 c5 2. Nf3 d6 3. d4 cxd4 4. Nxd4 Nf6 5. Nc3 a6 6. Bg5 e6 7. f4 Qb6 8. Qd2 Qxb2 9. Rb1 Qa3 10. f5 Nc6 11. fxe6 fxe6 12. Nxc6 bxc6 13. e5 dxe5 14. Bxf6 gxf6 15. Ne4 Be7 16. Be2 h5 17. Rb3 Qa4 18. c4 f5 19. Nd6+ Bxd6 20. Qxd6 Qa5+ 21. Kf2 Ra7 22. c5 Qc7 23. Rd1 Qxd6 24. Rxd6 Ke7 25. Rb8 Rb7 26. Ra8 Rb2 27. Rxc6 Bd7 28. Ra7 Ra8 29. Rcxa6 Rxa7 30. Rxa7 Rc2 31. a4 Kd8 32. Ra8+ Kc7 33. Ra7+ Kc8 34. Ke1 Bc6 35. a5 Rxc5 36. a6 Ra5 37. Rf7 Kb8 1/2-1/2